000 00854cam a22002533a 4500
001 19900
003 PGUSA
005 20140828083424.0
008 061123s2006||||xxu|||||s|||||000 | eng d
040 _aPGUSA
_beng
042 _adc
050 4 _aBF
100 1 _aGrant, James, archaeologist
245 1 4 _aThe Mysteries of All Nations :
_bRise and Progress of Superstition, Laws Against and Trials of Witches, Ancient and Modern Delusions Together With Strange Customs, Fables, and Tales
_h[electronic resource] /
_cJames, archaeologist Grant
260 _bProject Gutenberg,
_c2006
506 _aPublic domain in the USA.
516 _aElectronic text
653 _aTrials (Witchcraft)
653 _aSuperstition
653 _aOccultism
830 0 _aProject Gutenberg
_v19900
856 4 0 _uhttp://www.gutenberg.org/ebooks/19900
942 _cEB
999 _c249155
_d249155